Estadísticas para Ganadores Red Bull Batalla Internacional

Haz click aquí para intentar la prueba.

Estadísticas generales

  • Esta prueba ha sido intentada 54 veces
    (40 desde el último reinicio)
  • La puntuación promedio es 12 de 16

Estadísticas de respuestas

EdiciónMC% Correcto
2017Aczino
97%
2021Aczino
97%
2022Aczino
97%
2015Arkano
97%
2023Chuty
97%
2018Wos
97%
2019Bnet
94%
2016Skone
94%
2013Dtoke
89%
2014Invert
83%
2020Rapder
71%
2005Frescolate
63%
2006Rayden
54%
2009Noult
43%
2008Hadrian
40%
2007Link One
29%

Distribución de puntuación

Porcentaje por número respondido

Porcentaje de gente con cada puntuación

Historial de tus puntuaciones

No has intentado esta prueba desde el último reinicio